000 00953 a2200193 4500
005 20150122151613.0
008 150122b2000 ck ||||| |a||ar | 0 spa d
040 _aCO-BoIAVH
_cCO-BoIAVH
041 _aspa
044 _ack
245 0 0 _aMapa del Estado de Boyacá, antigua Provincia de Casanare:
_bViaje de la Comisión Corográfica por el territorio de Casanare 1856, obra dirigida por Agustín Codazzi
_h[material cartográfico]
260 _aBogotá:
_bInstituto Geográfico Agustín Codazzi,
_c2000.
300 _a1 pliego
_bcol.
_c80 x 340 cm.
500 _aMaterial acompañante
650 _aBoyacá
_vmapa
_xgeografía histórica
_931978
650 _aAntigua provincia de Casanare
_vmapa
_xgeografía histórica
_931979
773 0 _aDomínguez Ossa, Camilo A.
_dBogotá, COAMA, Unión̤ Europea, Fondo FEN, Instituto Geográfico Agustín Codazzi, 2000.
_z9589663362
_tGeografía física y política de la Confederación Granadina:
942 _2z
_cMapa
999 _c9039
_d9039